| 000 | 01597cam a22003617a 4500 | ||
|---|---|---|---|
| 999 |
_c330553 _d330553 |
||
| 001 | 15216658 | ||
| 003 | NUST | ||
| 005 | 20170719170754.0 | ||
| 008 | 080312s2008 enka 001 0 eng | ||
| 010 | _a 2008295806 | ||
| 015 |
_aGBA784703 _2bnb |
||
| 016 | 7 |
_a014101352 _2Uk |
|
| 020 | _a9780521881722 (hbk.) | ||
| 020 | _a0521881722 (hbk.) | ||
| 035 | _a(OCoLC)ocn154682310 | ||
| 040 |
_aUKM _cUKM _dBTCTA _dBAKER _dYDXCP _dBWKUK _dIXA _dDLC |
||
| 042 |
_aukblcatcopy _alccopycat |
||
| 050 | 0 | 0 |
_aTK7874.8 _b.M58 2008 |
| 082 | 0 | 4 |
_a621.381 MIT _222 |
| 100 | 1 |
_aMitin, V. V. _q(Vladimir Vasilʹevich) _93464 |
|
| 245 | 1 | 0 |
_aIntroduction to nanoelectronics : _bscience, nanotechnology, engineering, and applications / _cVladimir Mitin, Viatcheslav Kochelap, Michael A. Stroscio. |
| 260 |
_aCambridge : _bCambridge University Press, _cc2008. |
||
| 300 |
_axv, 329 p. : _bill. ; _c25 cm. |
||
| 500 | _aIncludes index. | ||
| 501 | _aH.B | ||
| 650 | 0 |
_aNanoelectronics. _93465 |
|
| 700 | 1 |
_aKochelap, V. A. _q(Vi︠a︡cheslav Aleksandrovich) _93466 |
|
| 700 | 1 |
_aStroscio, Michael A., _d1949- _93467 |
|
| 856 | 4 | 2 |
_3Publisher description _uhttp://www.loc.gov/catdir/enhancements/fy0827/2008295806-d.html |
| 856 | 4 | 1 |
_3Table of contents only _uhttp://www.loc.gov/catdir/enhancements/fy0827/2008295806-t.html |
| 856 | 4 | 2 |
_3Contributor biographical information _uhttp://www.loc.gov/catdir/enhancements/fy0827/2008295806-b.html |
| 906 |
_a7 _bcbc _ccopycat _d2 _encip _f20 _gy-gencatlg |
||
| 942 |
_2ddc _cBK _kIESE |
||